Statistiken für Holding On To Heartache - Louis Tomlinson (All Lyrics)

Klicken Sie hier um das Quiz zu spielen!

Allgemein

  • Dieses Quiz wurde 38 mal gespielt
  • Das Durchschnittsergebnis liegt bei 185 aus 320

Antwortstatistiken

Antwort% Korrekt
a
100%
hear
100%
holdin’
100%
Holdin’
100%
on
100%
To
100%
to
100%
heartache
95%
I
95%
I’m
91%
I‘m
91%
you
91%
You
91%
like
86%
said
86%
it
82%
me
82%
the
82%
The
82%
We
82%
we
82%
wear
82%
crown
77%
go
77%
be
73%
down
73%
gonna
73%
drag
68%
in
68%
an
64%
its
64%
It’s
64%
just
64%
Just
64%
onto
64%
my
59%
over
59%
not
55%
know
50%
love
50%
should
50%
that
50%
That
50%
birds
45%
by,
45%
can
45%
passin’
45%
sky
45%
starin’
45%
When
45%
all
41%
alone
41%
And
41%
at
41%
your
41%
but
36%
change
36%
for
36%
see
36%
space
36%
standin’
36%
us
36%
as
32%
easy
32%
heal
32%
honest,
32%
party’s
32%
still
32%
darkness
27%
empty
27%
moments
27%
myself
27%
number
27%
they
27%
way
27%
“Where
27%
would
27%
you’re
27%
back
23%
clock
23%
Creates
23%
did
23%
end
23%
ever
23%
have
23%
into
23%
knew
23%
nights,
23%
Nothing’s
23%
second
23%
then
23%
wrong?”
23%
always
18%
called
18%
comes
18%
dreams
18%
faded
18%
feelin’
18%
make
18%
regretted
18%
silence
18%
slowly
18%
strangest
18%
that’s
18%
tickin’
18%
time
18%
waitin’
18%
about
14%
Because
14%
between
14%
bones
14%
came
14%
changed
14%
could
14%
let
14%
never
14%
questions
14%
seasons
14%
twice,
14%
up,
14%
ask
9%
Become
9%
I’d
9%
If
9%
wind,
9%
days
5%
driftin’
5%
held
5%
keeps
5%
of
5%
thing
5%
endless
0%
floodin’
0%
shown
0%
There’s
0%
versions
0%

Verteilung der Resultate

Perzentil nach korrekt beantworteten Fragen

Anzahl Personen mit jedem Resultat

Ihre Resultats-Entwicklung

Sie haben dieses Quiz noch nicht gespielt